Finding effective inhibitors for breast cancer using Chemopreventive Molecules. (Record no. 220209)

MARC details
000 -LEADER
fixed length control field 00359nam a2200109Ia 4500
008 - FIXED-LENGTH DATA ELEMENTS--GENERAL INFORMATION
fixed length control field 211028s2009 xx 000 0 und d
041 ## - LANGUAGE CODE
Language code of text/sound track or separate title eng
100 ## - MAIN ENTRY--PERSONAL NAME
Personal name Narayanan, Shruthi; Vijay, Deborah.
Miscellaneous information 71824
9 (RLIN) 9092
110 ## - MAIN ENTRY--CORPORATE NAME
Corporate name or jurisdiction name as entry element Deborah Vijay
9 (RLIN) 9093
245 ## - TITLE STATEMENT
Title Finding effective inhibitors for breast cancer using Chemopreventive Molecules.
260 ## - PUBLICATION, DISTRIBUTION, ETC.
Place of publication, distribution, etc. Mangalore
Date of publication, distribution, etc. 2009
Holdings
Withdrawn status Lost status Damaged status Not for loan Collection code Home library Current library Date acquired Source of acquisition Total Checkouts Barcode Date last seen Price effective from Koha item type
        Project Report Bioinformatics St Aloysius Institute of Management & Information Technology St Aloysius Institute of Management & Information Technology 10/28/2021 MCA   PBI00102 10/28/2021 10/28/2021 Project Report